000 02290cam a22001814a 4500
005 20250605164141.0
008 250528s ||||||||||||||||||||||||d
035 _a18990
040 _aGR-AtMCL
_bgre
_dGR-AtMCL
_eAACR2
245 1 _aΛογιστική / Γενικές Αρχές: Πέμπτη Έκδοση Βελτιωμένη
260 _bΑθήνα,
_c1986
300 _a368
520 _aΤο νέο Περίγραμμα της Γενικής Λογιστικής Ι και ΙΙ των Τ. Ε. Ι./ Το Ελληνικό Γενικό Λογιστικό Σχέδιο, Η Λογιστική και οι Ηλεκτρονικοί Υπολογιστές, Αριθμοδείκτες που φανερώνουν την Στατική και Δυναμική Εικόνα της Επιχειρήσης - ΕΟΚ και Λογιστική. Πρόλογος, Εισαγωγή στην Έννοια της Επιχείρησης και της Λειτουργίας, Η Λογιστική και τα Οικονομικά Γεγονότα και οι Μεταβολές του Ισολογισμού, Οι Μετασχηματισμοί της Περιουσίας και η Παρακολούθηση Αυτών, Οι Λογαριασμοί Ειδικότερα, Τα Λογιστικά Βιβλία και τα Στοιχεία, Εργασίες Τέλους Χρήσης και Σύνταξη Ισολογισμού Λήξης, Εσωτερικός και Ταμειακός Έλεγχος, Λογιστική των Γραμματίων και των Τόκων, Λογιστική των Μισθών και των Ημερομισθίων, Λογιστικά Συστήματα, Ανασκόπηση Βασικής Λογιστικής Θεωρίας και Διαδικασιών, Η Λογιστική των Επενδύσεων, Λογιστική Υποκαταστημάτων, Η Πρόοδος της Λογιστικής από τους Ηλεκτρονικούς Υπολογιστές, Αριθμοδείκτες που Φανερώνουν τη Στατική και Δυναμική Εικόνα της Επιχείρησης, Τα Λογιστικά Στοιχεία.
700 1 _aΚοτίτσα Μιχάλη
_95271
942 _cBK
999 _c4282
_d4282